000 00321nam a2200133Ia 4500
005 20251222141816.0
008 251222s9999||||xx |||||||||||||| ||spa||
082 _a263/E16
100 _aEchevarria, Lamberto de
245 0 _aAño Cristiano II:
250 _a2a. ed.
264 _bEditorial Católica, S.A.
942 _cLIB
999 _c6635
_d6635